000 00539nam a2200181 a 4500
001 4133
005 20140414131935.0
008 090217s19uu xx 00 eng d
020 _a0-59084-629-X
050 _aREF 796
_bW93 2004
100 _aWright, John
245 _aEquestrian :
_bSports injuries : how to prevent, diasnose, & treat /
_cJohn Wright.
260 _aLondon :
_bMason Crest,
_cc2004.
300 _a64 p. : col., ill. ; cm.
500 _aIncludes index
650 _aEquestrian
_xJuvenile literature.
999 _c112419
_d112419